MARC

LEADER 00000nam0a2200000 4500
001 298330
005 20231102001107.0
035 |a (RuTPU)RU\TPU\book\323473 
035 |a RU\TPU\book\317120 
090 |a 298330 
100 |a 20150617d1977 k y0rusy50 ca 
101 0 |a rus 
102 |a RU 
105 |a y z 001zy 
200 1 |a Движение изобретателей и рационализаторов в СССР. 1917-1977  |f Г. М. Алексеев 
210 |a Москва  |c Мысль  |d 1977 
215 |a 239 с. 
320 |a Библиогр.: с. 220-238. 
606 1 |a Изобретательство и рационализация  |2 stltpush  |3 (RuTPU)RU\TPU\subj\12295  |9 39106 
610 1 |a история 
610 1 |a СССР 
610 1 |a историография 
610 1 |a технический прогресс 
610 1 |a социализм 
675 |a 608(09)  |v 4 
700 1 |a Алексеев  |b Г. М.  |g Георгий Михайлович 
801 1 |a RU  |b 63413507  |c 20150423 
801 2 |a RU  |b 63413507  |c 20150907  |g RCR 
942 |c BK